01168cam a22002894a 450000100090000000300090000900500170001800800410003501000170007602000150009303500230010804000130013104200080014405000220015208200150017410000270018924501210021626001130033730000210045044000180047150400410048965000440053065000910057465000340066570000310069971001480073012010636ASKDFJRT20220326193251.0990802s1998 sp b s100 0 spa  a 00316699  a844821854X a(OCoLC)ocm42028332 aDLCcDLC apcc00aNX456b.C698 1998 a707bC828c aG. Cortes, Jose Miguel00aCrítica cultural y creación artística :bcoloquios contemporáneos /cJosé Miguel G. Cortés, coordinador. a[Valencia :bGeneralitat Valenciana, Direcció General de Promoció Cultural, Museus i Belles Arts,c1998] a251 p. ;c21 cm. 0aSigno abierto aIncludes bibliographical references. 0aArts, Moderny20th centuryvCongresses. 0aArte Modernoxcritica de artexcreacion artisticaxconferenciasxarte y sociedadxs.XX 0aArts and societyvCongresses.1 aCortés, José Miguel G.2 aConsellería de Cultura, Educación y Ciencia de la Generalidad Valenciana.bDirecció General de Promoció Cultural, Museus i Belles Arts.